|
|
|
|
| LEADER |
00000nam0a2200000 4500 |
| 001 |
26049 |
| 005 |
20231101205717.0 |
| 010 |
|
|
|a 5288009716
|
| 035 |
|
|
|a (RuTPU)RU\TPU\book\26289
|
| 035 |
|
|
|a BOOK00000206
|
| 090 |
|
|
|a 26049
|
| 100 |
|
|
|a 20011209d1992 km y0rusy50 ca
|
| 101 |
0 |
|
|a rus
|
| 102 |
|
|
|a RU
|
| 105 |
|
|
|a a z 000zy
|
| 200 |
1 |
|
|a Принцип периодичности в химии непереходных элементов
|f Д. В. Корольков
|
| 210 |
|
|
|a СПб.
|c Изд-во СПбГУ
|d 1992
|
| 215 |
|
|
|a 102 с.
|c ил.
|
| 606 |
1 |
|
|a Периодическая система элементов
|2 stltpush
|3 (RuTPU)RU\TPU\subj\72133
|9 85718
|
| 610 |
1 |
|
|a химия
|
| 610 |
1 |
|
|a неорганическая химия
|
| 610 |
1 |
|
|a элементы
|
| 610 |
1 |
|
|a периодичность
|
| 610 |
1 |
|
|a фтор
|
| 610 |
1 |
|
|a кислород
|
| 610 |
1 |
|
|a непереходные элементы
|
| 675 |
|
|
|a 546-123-048.4
|v 3
|
| 700 |
|
1 |
|a Корольков
|b Д. В.
|g Дмитрий Васильевич
|
| 801 |
|
0 |
|a RU
|b 63413507
|c 20011209
|g PSBO
|
| 801 |
|
2 |
|a RU
|b 63413507
|c 20151123
|g PSBO
|
| 942 |
|
|
|c BK
|